000 00915nam a2200241 a 4500
008 120416s2003 ||||||||||||||||| || u
020 _a0750657316
050 _aTA 190 Two
100 _aTwort, A. C. (Alan Charles), 1920-
245 1 0 _aCivil engineering : project management /
250 _a4th ed.
260 _aOxford :
_bElsevier Butterworth Heinemann
_c2003.
300 _axii, 263p. : ill.
350 _a0.00
500 _aPrevious ed.: London: Arnold, 1995. Bibliography
650 _aENGINEERING
650 _aENGINEERING--MANAGEMENT
650 _aCIVIL ENGINEERING
700 _aRees, J. Gordon
856 _uhttp://www.loc.gov/catdir/toc/els051/2004351726.html
856 _uhttp://www.loc.gov/catdir/description/els051/2004351726.html
995 _D0.00
_FCBU-MAIN LIBRARY (Kitwe)
_H1
_I24.95
_UAVAILABLE
_ZMain Library Open Access Collection
999 _c37497
_d37497